| 000 | 00482nam a22001577a 4500 | ||
|---|---|---|---|
| 005 | 20251108171005.0 | ||
| 008 | 250721s9999 xx 000 0 ara d | ||
| 082 | 1 | 4 | _aم/910.4/أطل |
| 245 | 1 | 0 | _aأطلس الرحلات / |
| 264 | 1 |
_aجنيف : _bدار المختار للطباعة و النشر و التوزيع، _c[19-]. |
|
| 300 | _a8ج. | ||
| 650 | 1 | 7 | _aالرحلات و الأسفار |
| 650 | 1 | 7 | _aالرحلات و الوصف |
| 942 |
_2ddc _cREF |
||
| 999 |
_c53825 _d53825 |
||